00975cam a22002178i 450000500170000002000180001708200160003510000310005124500780008226000380016030000140019850400510021252002410026365000290050465000320053365000250056565000310059094200120062199900190063395201050065220250910144515.0 a978103275158000a306.2 LEG/C1 aLéger, Marc James,9118510aClass struggle and identity politics :ba guide /cby Marc James Léger. a. - New Yorkb: Routledgec, 2024 a268 pages aIncludes bibliographical references and index. a"Class Struggle and Identity Politics explores the historical, cultural, political and economic developments since the postwar era, providing the reader with everything they wanted to know but were afraid to ask about the campus wars"-- 0aIdentity politics.91186 0aPolitics and culture.91187 0aSocial classes91188 0aPolitical sociology.91189 2ddccBK c751220d751220 00102ddc4070aPOLbPOLd2025-02-25l0o306.2 LEG/CpPOL23754r2025-09-10 14:48:22w2025-09-10yBK